000 00342nam a2200121Ia 4500
008 240731s9999 xx 000 0 und d
022 _a2472-5846
245 0 _aIISE Transactions on Occupational Ergonomics and Human Factors
260 _bTaylor & Francis
856 _uhttps://www.tandfonline.com/loi/uehf21
942 _2ddc
942 _cTFEJ
999 _c76914
_d76914
945 _a1
_bMadushi Gamage
_c1
_dMadushi Gamage